000 00495nam a2200205Ia 4500
003 OSt
005 20240531094911.0
008 210210b1987 xxu||||| |||| 00| 0 eng d
020 _a81 85061 67 X
040 _cAL
041 _aeng
082 _a341.23 HANU
100 _aASHA HANS.
_9168759
245 _aUnited nations a saga of forty years.
260 _aDelhi.
_bAmar Prakashan
_c1987
300 _avi,298
690 _aInternational Law
_9168760
906 _a046799
942 _2ddc
_cBK
999 _c95762
_d95762